00264nam a2200109Ia 4500008004100000082001600041100002000057245003100077260003000108300000800138650000800146191201s2008 xx 000 0 und d a658.16bADG aADHIKARY, Manab 0aGlobal Business Management aN.DelhibMac Millanc2008 a450 aMBA